<?xml version="1.0" encoding="UTF-8"?>
<record
    xmlns:xsi="http://www.w3.org/2001/XMLSchema-instance"
    xsi:schemaLocation="http://www.loc.gov/MARC21/slim http://www.loc.gov/standards/marcxml/schema/MARC21slim.xsd"
    xmlns="http://www.loc.gov/MARC21/slim">

  <leader>01716nam a22001577a 4500</leader>
  <datafield tag="999" ind1=" " ind2=" ">
    <subfield code="c">528105</subfield>
    <subfield code="d">528105</subfield>
  </datafield>
  <controlfield tag="008">241112b           ||||| |||| 00| 0 eng d</controlfield>
  <datafield tag="100" ind1=" " ind2=" ">
    <subfield code="a">Ostaaijen, Julien Van </subfield>
    <subfield code="9">59480</subfield>
  </datafield>
  <datafield tag="245" ind1=" " ind2=" ">
    <subfield code="a">Using the urban regime framework to study processes of urban governance: Agendas, coalitions, resources, and schemes of cooperation</subfield>
  </datafield>
  <datafield tag="260" ind1=" " ind2=" ">
    <subfield code="a">Urban Affairs Review  </subfield>
  </datafield>
  <datafield tag="300" ind1=" " ind2=" ">
    <subfield code="a">60(2), Mar, 2024: p.515-544</subfield>
  </datafield>
  <datafield tag="520" ind1=" " ind2=" ">
    <subfield code="a">One of the questions when undertaking comparative research into local politics and processes of collective organization is what frame should be used. In recent decades, many scholars have opted for the urban regime. There is however much debate about the usefulness of this concept for comparative purposes, with the urban regime accused of being theoretically both too narrow as well as too general. In three Dutch case studies, researchers have sought a middle way by applying the urban regime's four building blocks (agenda, coalition, resources, and scheme of cooperation) as a heuristic framework. The results show that this approach has several advantages, especially for comparative purposes, as it provides a clear oversight as to which agendas dominate where and when, and how certain coalitions, resources, and schemes of cooperation align. These benefits however require close attention to certain points: researchers should interpret the building blocks consistently and try to avoid overlap and repetition between them.- Reproduced 

https://journals.sagepub.com/doi/full/10.1177/10780874231180812
</subfield>
  </datafield>
  <datafield tag="650" ind1=" " ind2=" ">
    <subfield code="a">Urban regime, Regime theory, Regime analysis, Local government, Urban governance. </subfield>
    <subfield code="9">48649</subfield>
  </datafield>
  <datafield tag="773" ind1=" " ind2=" ">
    <subfield code="a">Urban Affairs Review  </subfield>
  </datafield>
  <datafield tag="906" ind1=" " ind2=" ">
    <subfield code="a">URBAN DEVELOPMENT</subfield>
  </datafield>
  <datafield tag="942" ind1=" " ind2=" ">
    <subfield code="c">AR</subfield>
  </datafield>
  <datafield tag="952" ind1=" " ind2=" ">
    <subfield code="0">0</subfield>
    <subfield code="1">0</subfield>
    <subfield code="2">ddc</subfield>
    <subfield code="4">0</subfield>
    <subfield code="7">0</subfield>
    <subfield code="9">403184</subfield>
    <subfield code="a">IIPA</subfield>
    <subfield code="b">IIPA</subfield>
    <subfield code="d">2024-11-12</subfield>
    <subfield code="h">60(2), Mar, 2024: p.515-544</subfield>
    <subfield code="p">AR133532</subfield>
    <subfield code="r">2024-11-12</subfield>
    <subfield code="y">AR</subfield>
  </datafield>
</record>
